[Event "Bundesliga 2324"]
[Site "Germany"]
[Date "2024.02.25"]
[Round "11.8"]
[White "Meskovs, Nikita"]
[Black "Neef, Maximilian"]
[Result "1/2-1/2"]
[WhiteElo "2526"]
[BlackElo "2480"]
[PlyCount "111"]
[EventDate "2023.10.21"]
[EventType "team-tourn"]
[EventRounds "15"]
[EventCountry "GER"]
[SourceTitle "CB09_2024"]
[SourceDate "2024.02.28"]
[SourceVersion "1"]
[SourceVersionDate "2024.02.28"]
[SourceQuality "1"]
[WhiteTeam "Kiel Turm"]
[BlackTeam "Dresden TU"]
[WhiteTeamCountry "GER"]
[BlackTeamCountry "GER"]

1. d4 Nf6 2. Bg5 Ne4 3. Bf4 Nc6 4. Nf3 e6 5. h4 d5 6. Nbd2 Bd6 7. g3 Qf6 8. e3 e5 9. Nxe4 dxe4 10. Nxe5 Nxe5 11. dxe5 Bxe5 12. Bxe5 Qxe5 13. Qd4 Qxd4 14. exd4 Bg4 15. Kd2 f5 16. Ke3 Rf8 17. Re1 0-0-0 18. Be2 Rd6 19. h5 Rb6 20. b3 Rc6 21. Kd2 Bxe2 22. Rxe2 Rd8 23. c3 Ra6 24. Ke3 c5 25. dxc5 Rd5 26. Kf4 Rxc5 27. Rd1 Rh6 28. Kg5 Rf6 29. c4 f4+ 30. Kg4 fxg3 31. fxg3 Re5 32. Rd5 Rxd5 33. cxd5 Rd6 34. Rxe4 Rxd5 35. Re8+ Kc7 36. Rg8 Rd4+ 37. Kg5 Rd5+ 38. Kh4 Rd7 39. g4 Kd6 40. Rh8 h6 41. g5 hxg5+ 42. Kxg5 Ke7 43. Kg6 Rd2 44. Rg8 Rg2+ 45. Kh7 Rxa2 46. Rxg7+ Kf8 47. Rxb7 a5 48. h6 Rg2 49. Rb5 Rg3 50. Rb8+ Kf7 51. Kh8 Rg6 52. Rb7+ Kf8 53. h7 Rg5 54. Rb8+ Kf7 55. Rb7+ Kf8 56. Rb8+ 1/2-1/2

[Event "Bundesliga 2324"]
[Site "Germany"]
[Date "2024.02.23"]
[Round "9.7"]
[White "Schulze, Torben"]
[Black "Neef, Maximilian"]
[Result "0-1"]
[WhiteElo "2325"]
[BlackElo "2480"]
[PlyCount "86"]
[EventDate "2023.10.21"]
[EventType "team-tourn"]
[EventRounds "15"]
[EventCountry "GER"]
[SourceTitle "CB09_2024"]
[SourceDate "2024.02.28"]
[SourceVersion "1"]
[SourceVersionDate "2024.02.28"]
[SourceQuality "1"]
[WhiteTeam "Lister Turm"]
[BlackTeam "Dresden TU"]
[WhiteTeamCountry "GER"]
[BlackTeamCountry "GER"]

1. e4 e6 2. d4 d5 3. e5 c5 4. c3 Nc6 5. Nf3 Qb6 6. a3 Nh6 7. Bd3 cxd4 8. 0-0 Nf5 9. b4 Be7 10. Re1 Bd7 11. Bxf5 exf5 12. cxd4 0-0 13. Nc3 Be6 14. Qd3 Rfc8 15. Na4 Qd8 16. Nc5 b6 17. Nxe6 fxe6 18. Bd2 a6 19. b5 axb5 20. Qxb5 Na5 21. a4 Nc4 22. Rec1 Rc7 23. Be1 Bg5 24. Rc3 Bh6 25. h4 Qd7 26. Qb4 Rca7 27. Rxc4 dxc4 28. Qxb6 Ra6 29. Qc5 Rc8 30. Qb4 Qc6 31. Bc3 Rb6 32. Qe7 Rb7 33. Qd6 Rb3 34. Qxc6 Rxc6 35. d5 Rc8 36. Ba5 exd5 37. Nd4 Rd3 38. Nxf5 Ra8 39. Bb4 c3 40. Nxh6+ gxh6 41. Kf1 c2 42. Ke2 Rb3 43. Bd2 Rb1 0-1

[Event "Bundesliga 2324"]
[Site "Germany"]
[Date "2024.02.03"]
[Round "7.1"]
[White "Neef, Maximilian"]
[Black "Wojtaszek, Radoslaw"]
[Result "0-1"]
[WhiteElo "2480"]
[BlackElo "2668"]
[PlyCount "75"]
[EventDate "2023.10.21"]
[EventType "team-tourn"]
[EventRounds "15"]
[EventCountry "GER"]
[SourceTitle "CB06_2024"]
[SourceDate "2024.02.07"]
[SourceVersion "1"]
[SourceVersionDate "2024.02.07"]
[SourceQuality "1"]
[WhiteTeam "Dresden TU"]
[BlackTeam "Baden-Baden"]
[WhiteTeamCountry "GER"]
[BlackTeamCountry "GER"]

1. d4 Nf6 2. Nc3 d5 3. Bf4 c5 4. e3 cxd4 5. exd4 Bg4 6. f3 Bd7 7. Nb5 Bxb5 8. Bxb5+ Nc6 9. c3 e6 10. Ne2 Bd6 11. 0-0 0-0 12. Qd2 a6 13. Bd3 Bxf4 14. Nxf4 Qd6 15. Rae1 b5 16. a3 Rab8 17. Rf2 a5 18. b4 Rfe8 19. Rfe2 h6 20. Bb1 Re7 21. Nd3 Rbe8 22. Re3 Qb8 23. Nc5 e5 24. dxe5 Nxe5 25. Qd4 Nc6 26. Qd3 Rxe3 27. Rxe3 Rd8 28. Re1 Ne5 29. Qd4 Re8 30. Nd3 Nc4 31. bxa5 Nxa5 32. Ba2 Nc4 33. h3 Rxe1+ 34. Nxe1 Nxa3 35. Bxd5 Qg3 36. Nd3 Nc2 37. Qc5 Nxd5 38. Qxd5 0-1

[Event "Dresden Uhlmann Rapid op"]
[Site "Dresden"]
[Date "2023.05.06"]
[Round "2"]
[White "Neef, Maximilian"]
[Black "Schwarz, Michael"]
[Result "1-0"]
[WhiteElo "2480"]
[BlackElo "2379"]
[PlyCount "92"]
[EventDate "2023.05.06"]
[EventType "swiss (rapid)"]
[EventRounds "7"]
[EventCountry "GER"]
[SourceTitle "CBM 214 Extra"]
[Source "ChessBase"]
[SourceDate "2023.07.31"]
[SourceVersion "1"]
[SourceVersionDate "2023.07.31"]
[SourceQuality "1"]

1. Nf3 Nf6 2. g3 d5 3. Bg2 c6 4. 0-0 g6 5. b3 Bg7 6. Bb2 0-0 7. c4 Bg4 8. d3 Bxf3 9. Bxf3 Nbd7 10. Nd2 Re8 11. Rc1 Rc8 12. Rc2 Nf8 13. Bxf6 Bxf6 14. cxd5 cxd5 15. Rxc8 Qxc8 16. Bxd5 b6 17. Qc1 Rd8 18. Qxc8 Rxc8 19. Bc4 Nd7 20. Ne4 Bg7 21. Ng5 e6 22. Nf3 Kf8 23. d4 Ke7 24. Rd1 Nf6 25. Kg2 Ne4 26. a4 Nd6 27. Rc1 a6 28. Rc2 b5 29. axb5 axb5 30. Bd3 Rxc2 31. Bxc2 f5 32. e3 Bf6 33. h3 Kd7 34. g4 Kc6 35. Ne1 Kd7 36. Nd3 Ke7 37. Nb4 Kd7 38. f4 Kc7 39. Kf3 Kd7 40. Nd3 Ke7 41. g5 Bg7 42. Nc5 Bf8 43. Bd3 Bg7 44. h4 h5 45. Ke2 Bf8 46. Kd2 Ke8 1-0

[Event "Dresden Uhlmann Rapid op"]
[Site "Dresden"]
[Date "2023.05.06"]
[Round "1"]
[White "Wichmann, Cliff"]
[Black "Neef, Maximilian"]
[Result "0-1"]
[WhiteElo "2310"]
[BlackElo "2480"]
[PlyCount "48"]
[EventDate "2023.05.06"]
[EventType "swiss (rapid)"]
[EventRounds "7"]
[EventCountry "GER"]
[SourceTitle "CBM 214 Extra"]
[Source "ChessBase"]
[SourceDate "2023.07.31"]
[SourceVersion "1"]
[SourceVersionDate "2023.07.31"]
[SourceQuality "1"]

1. d4 Nf6 2. c4 g6 3. Nc3 Bg7 4. e4 d6 5. Nf3 0-0 6. Be2 e5 7. Be3 h6 8. dxe5 Ng4 9. Bd2 Nxe5 10. 0-0 Nbc6 11. Nd5 Be6 12. Bc3 Nxf3+ 13. Bxf3 Bxc3 14. bxc3 Re8 15. Qc1 Kg7 16. Rd1 Ne5 17. Be2 Nd7 18. Bf1 Bxd5 19. cxd5 Rxe4 20. Qb2 Nc5 21. Rd4 Qf6 22. Rxe4 Nxe4 23. Qxb7 Qxf2+ 24. Kh1 Qb6 0-1

[Event "Dresden Uhlmann Rapid op"]
[Site "Dresden"]
[Date "2023.05.06"]
[Round "6"]
[White "Wong, Gengchun"]
[Black "Neef, Maximilian"]
[Result "0-1"]
[WhiteElo "2258"]
[BlackElo "2480"]
[PlyCount "84"]
[EventDate "2023.05.06"]
[EventType "swiss (rapid)"]
[EventRounds "7"]
[EventCountry "GER"]
[SourceTitle "CBM 214 Extra"]
[Source "ChessBase"]
[SourceDate "2023.07.31"]
[SourceVersion "1"]
[SourceVersionDate "2023.07.31"]
[SourceQuality "1"]

1. d4 Nf6 2. g3 g6 3. Bg2 d5 4. c4 c6 5. Nf3 Bg7 6. 0-0 0-0 7. cxd5 cxd5 8. Ne5 b6 9. Nc3 Bb7 10. Qb3 Nc6 11. Rd1 Na5 12. Qa4 Rc8 13. Bd2 a6 14. Rac1 e6 15. Nb1 Ne4 16. Rxc8 Bxc8 17. b4 Nxd2 18. Nxd2 Nc4 19. Nexc4 b5 20. Qc2 dxc4 21. e3 Qe7 22. Rb1 Rd8 23. a4 Bb7 24. Bxb7 Qxb7 25. f4 h5 26. Kf2 h4 27. gxh4 Rd5 28. Nf3 Rh5 29. Rg1 Qe7 30. Qe4 Qxb4 31. Qa8+ Bf8 32. Qxa6 Qxa4 33. Qb7 Qc2+ 34. Kg3 Qd3 35. Re1 c3 36. Ng5 Qf5 37. e4 Qf6 38. Qxb5 Qxd4 39. Qb7 Qf6 40. e5 Qf5 41. Re4 c2 42. Qc7 Rxg5+ 0-1

[Event "Bundesliga 2223"]
[Site "Germany"]
[Date "2023.02.26"]
[Round "9.8"]
[White "Neef, Maximilian"]
[Black "Wagner, Dennis"]
[Result "1/2-1/2"]
[WhiteElo "2481"]
[BlackElo "2570"]
[PlyCount "52"]
[EventDate "2022.10.21"]
[EventType "team-tourn"]
[EventRounds "15"]
[EventCountry "GER"]
[SourceTitle "CBM 213 Extra"]
[Source "ChessBase"]
[SourceDate "2023.05.31"]
[SourceVersion "1"]
[SourceVersionDate "2023.05.31"]
[SourceQuality "1"]
[WhiteTeam "Dresden TU"]
[BlackTeam "Viernheim"]
[WhiteTeamCountry "GER"]
[BlackTeamCountry "GER"]

1. Nf3 c5 2. c4 Nf6 3. g3 d5 4. cxd5 Nxd5 5. Bg2 Nc6 6. Nc3 g6 7. h4 Bg7 8. h5 Bf5 9. h6 Bf6 10. Nh4 Nxc3 11. bxc3 Be6 12. Nf3 0-0 13. Qa4 Bd5 14. 0-0 Ne5 15. Nxe5 Bxe5 16. Rb1 b6 17. c4 Bxg2 18. Kxg2 Qc8 19. Qb3 Qf5 20. Bb2 Bxb2 21. Qxb2 f6 22. d3 Rfd8 23. a4 Rd6 24. a5 Kf7 25. axb6 axb6 26. Ra1 Qc8 1/2-1/2

[Event "Bundesliga 2223"]
[Site "Germany"]
[Date "2023.02.25"]
[Round "8.8"]
[White "Burg, Twan"]
[Black "Neef, Maximilian"]
[Result "1-0"]
[WhiteElo "2511"]
[BlackElo "2481"]
[PlyCount "113"]
[EventDate "2022.10.21"]
[EventType "team-tourn"]
[EventRounds "15"]
[EventCountry "GER"]
[SourceTitle "CBM 213 Extra"]
[Source "ChessBase"]
[SourceDate "2023.05.31"]
[SourceVersion "1"]
[SourceVersionDate "2023.05.31"]
[SourceQuality "1"]
[WhiteTeam "Remagen Sinzig"]
[BlackTeam "Dresden TU"]
[WhiteTeamCountry "GER"]
[BlackTeamCountry "GER"]

1. e4 e6 2. d4 d5 3. Nd2 c5 4. exd5 exd5 5. Bb5+ Nc6 6. Ngf3 Bd6 7. 0-0 cxd4 8. Re1+ Nge7 9. Nxd4 0-0 10. N2f3 Bg4 11. Be2 Re8 12. h3 Bh5 13. c3 Rc8 14. Be3 Bb8 15. Nh4 Bxe2 16. Qxe2 Ng6 17. Nhf5 Qc7 18. g3 Qd7 19. Qg4 Nce5 20. Qh5 Nc4 21. Re2 Re5 22. Qg4 Rd8 23. Rae1 Re4 24. Qh5 Rde8 25. Bc1 Nd6 26. Nxd6 Qxd6 27. Rxe4 dxe4 28. Qb5 Qe7 29. Kg2 a6 30. Qd5 Nf8 31. Rd1 h6 32. Be3 Qc7 33. Nb3 Nh7 34. Nc5 Nf6 35. Qxb7 Qe5 36. Qxa6 Qh5 37. Re1 Nd5 38. Qe2 Nxe3+ 39. Qxe3 Ba7 40. b4 Re5 41. g4 Qh4 42. Rd1 f5 43. Qg3 Qxg3+ 44. Kxg3 Bxc5 45. Kf4 Bxf2 46. Kxe5 e3 47. gxf5 e2 48. Rb1 e1Q+ 49. Rxe1 Bxe1 50. b5 Bxc3+ 51. Kd5 Kf7 52. b6 Bd2 53. Kc6 Ke7 54. Kc7 Ba5 55. a4 h5 56. Kb7 Bd2 57. Kc8 1-0

[Event "US Masters op"]
[Site "Charlotte"]
[Date "2022.11.26"]
[Round "6"]
[White "Neef, Maximilian"]
[Black "Zapata, Alonso"]
[Result "1-0"]
[WhiteElo "2481"]
[BlackElo "2336"]
[PlyCount "75"]
[EventDate "2022.11.23"]
[EventType "swiss"]
[EventRounds "9"]
[EventCountry "USA"]
[SourceTitle "CBM 211 Extra"]
[Source "ChessBase"]
[SourceDate "2023.01.31"]
[SourceVersion "1"]
[SourceVersionDate "2023.01.31"]
[SourceQuality "1"]

1. d4 Nf6 2. Nc3 d5 3. Bf4 g6 4. e3 Bg7 5. Nb5 Na6 6. h3 c6 7. Nc3 Nc7 8. Bd3 0-0 9. Nf3 Nce8 10. 0-0 Nd6 11. Ne5 Nfe4 12. Nxe4 dxe4 13. Be2 Be6 14. b3 g5 15. Bh2 f6 16. Nc4 f5 17. Rb1 f4 18. Bg4 Qd7 19. Bxe6+ Qxe6 20. Qg4 Qxg4 21. hxg4 Nb5 22. Rbe1 Nc3 23. Nd2 Rad8 24. Nb1 Nxa2 25. c3 e5 26. Re2 fxe3 27. Rxa2 exd4 28. fxe3 dxc3 29. Rc1 b5 30. Bc7 b4 31. Bxd8 Rxd8 32. Rxa7 Be5 33. Ra5 Rd5 34. Rxd5 cxd5 35. Kf1 d4 36. exd4 Bf4 37. Rc2 Kf7 38. Nxc3 1-0

[Event "US Masters op"]
[Site "Charlotte"]
[Date "2022.11.25"]
[Round "5"]
[White "Negi, Parimarjan"]
[Black "Neef, Maximilian"]
[Result "1/2-1/2"]
[WhiteElo "2639"]
[BlackElo "2481"]
[PlyCount "135"]
[EventDate "2022.11.23"]
[EventType "swiss"]
[EventRounds "9"]
[EventCountry "USA"]
[SourceTitle "CBM 211 Extra"]
[Source "ChessBase"]
[SourceDate "2023.01.31"]
[SourceVersion "1"]
[SourceVersionDate "2023.01.31"]
[SourceQuality "1"]

1. e4 e6 2. d4 d5 3. exd5 exd5 4. Nc3 c6 5. Bd3 Bd6 6. Nge2 Ne7 7. Ng3 0-0 8. 0-0 f5 9. Bg5 h6 10. Bxe7 Qxe7 11. Qh5 Qf6 12. Rae1 Na6 13. Nge2 Nc7 14. Nb1 Ne6 15. c3 Ng5 16. f4 Ne4 17. Rd1 Be6 18. Nd2 Rf7 19. Nf3 g6 20. Qh3 g5 21. Ne5 Rg7 22. Qe3 Rf8 23. Bxe4 dxe4 24. b3 Kh7 25. Ng3 gxf4 26. Rxf4 Qg5 27. Rdf1 h5 28. Qe2 Rfg8 29. Kh1 Bxe5 30. dxe5 h4 31. Nxf5 Bxf5 32. Rxf5 Qxg2+ 33. Qxg2 Rxg2 34. Rh5+ Kg6 35. Rxh4 Rg5 36. Rxe4 Re8 37. e6 Re7 38. Rg1 Kf5 39. Re2 Rh5 40. Rf1+ Kg6 41. Rd1 Kf6 42. Rf1+ Kg6 43. Rg2+ Kh7 44. Re1 Rh6 45. Rge2 Kg7 46. a4 b6 47. Rd2 Rhxe6 48. Rxe6 Rxe6 49. Rd7+ Kf6 50. Rxa7 Re3 51. Ra6 Rxc3 52. Rxb6 Ke5 53. Kg2 c5 54. a5 Kf4 55. a6 Rc2+ 56. Kh3 Ra2 57. Rc6 Ra3 58. Rxc5 Rxb3+ 59. Kh4 Ra3 60. Rc6 Ra5 61. h3 Ra3 62. Rb6 Kf5 63. Rc6 Kf4 64. Rf6+ Ke5 65. Rh6 Kf5 66. Rb6 Kf4 67. Rg6 Kf5 68. Rc6 1/2-1/2

[Event "US Masters op"]
[Site "Charlotte"]
[Date "2022.11.24"]
[Round "3"]
[White "Oberoi, Shelev"]
[Black "Neef, Maximilian"]
[Result "1/2-1/2"]
[WhiteElo "2328"]
[BlackElo "2481"]
[PlyCount "72"]
[EventDate "2022.11.23"]
[EventType "swiss"]
[EventRounds "9"]
[EventCountry "USA"]
[SourceTitle "CBM 211 Extra"]
[Source "ChessBase"]
[SourceDate "2023.01.31"]
[SourceVersion "1"]
[SourceVersionDate "2023.01.31"]
[SourceQuality "1"]

1. e4 e6 2. d4 d5 3. Bd3 dxe4 4. Bxe4 Nf6 5. Bf3 Nbd7 6. Ne2 e5 7. 0-0 Bd6 8. Ng3 0-0 9. Nf5 Re8 10. Nxd6 cxd6 11. Nc3 e4 12. Be2 Nf8 13. f3 exf3 14. Bxf3 h6 15. Nd5 N6h7 16. Qd3 Be6 17. Bd2 Rc8 18. Rae1 Ng5 19. c4 Nxf3+ 20. Qxf3 Qh4 21. b3 Qxd4+ 22. Be3 Qh4 23. g3 Qg4 24. Qxg4 Bxg4 25. Bxh6 Bh3 26. Rxe8 Rxe8 27. Ra1 a6 28. Bf4 Re2 29. Nc3 Rg2+ 30. Kh1 Ne6 31. Be3 Nc5 32. Rg1 Rb2 33. Rb1 Rc2 34. Rc1 Rb2 35. Rb1 Rc2 36. Rc1 Rb2 1/2-1/2

[Event "Barcelona Sants op-A 23rd"]
[Site "Barcelona"]
[Date "2022.08.24"]
[Round "6"]
[White "Fernandez Guillen, Ernesto J"]
[Black "Neef, Maximilian"]
[Result "1-0"]
[WhiteElo "2390"]
[BlackElo "2492"]
[PlyCount "57"]
[EventDate "2022.08.19"]
[EventType "swiss"]
[EventRounds "10"]
[EventCountry "ESP"]
[SourceTitle "CBM 209 Extra"]
[Source "ChessBase"]
[SourceDate "2022.09.30"]
[SourceVersion "1"]
[SourceVersionDate "2022.09.30"]
[SourceQuality "1"]

1. e4 e6 2. Nf3 d5 3. Nc3 Nf6 4. e5 Nfd7 5. d4 c5 6. Ne2 Nc6 7. c3 Be7 8. a3 Qb6 9. h4 cxd4 10. cxd4 f6 11. Nf4 fxe5 12. Nxe6 Bf6 13. dxe5 Ndxe5 14. Qxd5 Nxf3+ 15. gxf3 Ne5 16. Ng5 Bd7 17. Be3 Qxb2 18. Bd4 Nd3+ 19. Bxd3 Qxd4 20. Qf7+ Kd8 21. Rd1 Qa4 22. 0-0 Kc8 23. Bc2 Qb5 24. Rxd7 Qxd7 25. Bf5 Qxf5 26. Rc1+ Kd8 27. Ne6+ Qxe6 28. Qxe6 Rf8 29. Rd1+ 1-0

[Event "Barcelona Sants op-A 23rd"]
[Site "Barcelona"]
[Date "2022.08.22"]
[Round "4"]
[White "Ayats Llobera, Gerard"]
[Black "Neef, Maximilian"]
[Result "0-1"]
[WhiteElo "2430"]
[BlackElo "2492"]
[PlyCount "82"]
[EventDate "2022.08.19"]
[EventType "swiss"]
[EventRounds "10"]
[EventCountry "ESP"]
[SourceTitle "CBM 209 Extra"]
[Source "ChessBase"]
[SourceDate "2022.09.30"]
[SourceVersion "1"]
[SourceVersionDate "2022.09.30"]
[SourceQuality "1"]

1. d4 Nf6 2. c4 g6 3. Nc3 Bg7 4. e4 d6 5. Be2 0-0 6. Be3 Nbd7 7. h4 c5 8. d5 b5 9. cxb5 a6 10. Qd2 Qa5 11. b6 Nxb6 12. f3 e6 13. dxe6 Bxe6 14. Qxd6 Na4 15. Bd2 Rfd8 16. Nd1 Rxd6 17. Bxa5 Nh5 18. g4 Nf4 19. Nh3 Nxe2 20. Kxe2 Nxb2 21. Nxb2 Bxb2 22. Rab1 Bc4+ 23. Ke1 Bf6 24. Rc1 Bxa2 25. Rxc5 Bxh4+ 26. Ke2 Be7 27. Rhc1 Rf8 28. R5c3 Rd4 29. R1c2 Ra4 30. Bb6 Kg7 31. Nf4 Bd6 32. Nd3 Bb1 33. Rc1 Bxd3+ 34. Rxd3 Ra2+ 35. Ke3 Bg3 36. Bd4+ f6 37. Ba1 g5 38. Rd7+ Kg6 39. Rcd1 Rb8 40. Bc3 Rb3 41. Kd3 Be5 0-1

[Event "Bundesliga 2122"]
[Site "Germany"]
[Date "2022.03.06"]
[Round "2.5"]
[White "Maze, Sebastien"]
[Black "Neef, Maximilian"]
[Result "1/2-1/2"]
[WhiteElo "2527"]
[BlackElo "2504"]
[PlyCount "98"]
[EventDate "2022.03.05"]
[EventType "team-tourn"]
[EventRounds "15"]
[EventCountry "GER"]
[SourceTitle "EXT 2023"]
[Source "ChessBase"]
[SourceDate "2022.10.05"]
[SourceVersion "1"]
[SourceVersionDate "2022.10.05"]
[SourceQuality "1"]
[WhiteTeam "Viernheim"]
[BlackTeam "Dresden TU"]
[WhiteTeamCountry "GER"]
[BlackTeamCountry "GER"]

1. d4 Nf6 2. c4 g6 3. Nc3 Bg7 4. e4 d6 5. h3 0-0 6. Be3 Na6 7. g4 c5 8. Nge2 cxd4 9. Nxd4 b6 10. Bg2 Bb7 11. 0-0 Nc5 12. Qc2 Rc8 13. Rad1 Nfd7 14. b3 a6 15. a4 Ba8 16. Rd2 Re8 17. Rfd1 Qc7 18. f4 Qb8 19. Nde2 Nf6 20. Ng3 h6 21. Bf3 Bc6 22. Rf1 Qa8 23. Rdf2 Ncd7 24. Qd3 Nc5 25. Qc2 Ncd7 26. b4 b5 27. h4 Bb7 28. Be2 Rxc4 29. Bxc4 bxc4 30. Qe2 Nxe4 31. Ncxe4 Bxe4 32. Qxc4 Bd5 33. Qe2 Rc8 34. Rc1 Rxc1+ 35. Bxc1 Qc6 36. Bb2 Bxb2 37. Qxb2 Qxa4 38. Rc2 e5 39. g5 hxg5 40. fxg5 a5 41. Rd2 Nb6 42. bxa5 Qxa5 43. h5 Qa7 44. Rf2 Nc4 45. Qc3 Qe7 46. hxg6 Qxg5 47. gxf7+ Bxf7 48. Rxf7 Kxf7 49. Qxc4+ Kf6 1/2-1/2

[Event "GER-ch Net blitz qual5"]
[Site "Playchess.com INT"]
[Date "2020.03.28"]
[Round "10"]
[White "Commercon, Simon"]
[Black "Neef, Maximilian"]
[Result "0-1"]
[WhiteElo "2202"]
[BlackElo "2481"]
[PlyCount "116"]
[EventDate "2020.03.28"]
[EventType "swiss (blitz)"]
[EventRounds "13"]
[EventCountry "GER"]
[SourceTitle "CBM 195 Extra"]
[Source "ChessBase"]
[SourceDate "2020.05.31"]
[SourceVersion "1"]
[SourceVersionDate "2020.05.31"]
[SourceQuality "1"]

1. d4 Nf6 2. Nf3 g6 3. g3 Bg7 4. Bg2 0-0 5. 0-0 d6 6. c4 Nc6 7. Nc3 a6 8. b3 Rb8 9. Bb2 b5 10. cxb5 axb5 11. Rc1 b4 12. Na4 Na5 13. Qc2 c6 14. e4 Ba6 15. Rfd1 Bb5 16. e5 Nd5 17. Bf1 Bxf1 18. Kxf1 Qd7 19. Kg2 f6 20. exd6 exd6 21. Re1 f5 22. Qe2 Rfe8 23. Qd3 Bf6 24. Qa6 Ra8 25. Qd3 Kg7 26. Rcd1 h5 27. Bc1 f4 28. Bxf4 Nxf4+ 29. gxf4 Qg4+ 30. Kh1 Qxf4 31. Nb6 Rxe1+ 32. Rxe1 Rf8 33. Rg1 g5 34. Nd7 Rf7 35. Nxf6 Rxf6 36. Nxg5 Qf5 37. Qe3 Kf8 38. Re1 Qd5+ 39. f3 Kg7 40. Qe7+ Kg6 41. Ne4 Rf7 42. Rg1+ Kh6 43. Qe8 Qf5 44. Qh8+ Rh7 45. Qf6+ Qxf6 46. Nxf6 Rf7 47. Ne4 Rxf3 48. Nxd6 Rf2 49. Rc1 Rxa2 50. Rc5 Nxb3 51. Rxc6 Nxd4 52. Rb6 Nf3 53. Ne4+ Kg7 54. Rb7+ Kf8 55. Rb8+ Ke7 56. Rb7+ Kd8 57. Nf2 Rxf2 58. Rxb4 Rxh2# 0-1

[Event "GER-ch Net blitz qual5"]
[Site "Playchess.com INT"]
[Date "2020.03.28"]
[Round "1"]
[White "Lubbe, Nikolas"]
[Black "Neef, Maximilian"]
[Result "1-0"]
[WhiteElo "2443"]
[BlackElo "2481"]
[PlyCount "51"]
[EventDate "2020.03.28"]
[EventType "swiss (blitz)"]
[EventRounds "13"]
[EventCountry "GER"]
[SourceTitle "CBM 195 Extra"]
[Source "ChessBase"]
[SourceDate "2020.05.31"]
[SourceVersion "1"]
[SourceVersionDate "2020.05.31"]
[SourceQuality "1"]

1. d4 Nf6 2. Nc3 g6 3. e4 d6 4. Be3 c6 5. f3 Bg7 6. Qd2 b5 7. g4 Nbd7 8. g5 Nh5 9. Nge2 Nb6 10. Ng3 Nxg3 11. hxg3 b4 12. Nd1 a5 13. Nf2 Ba6 14. b3 Bxf1 15. Kxf1 d5 16. e5 Qd7 17. Kg2 Qb7 18. Rh4 Nd7 19. Rah1 Nf8 20. Nd3 Qc8 21. Nc5 f6 22. gxf6 exf6 23. exf6 Bxf6 24. Bg5 Qd8 25. Re1+ Kf7 26. Rf4 1-0

[Event "GER-ch Net blitz qual5"]
[Site "Playchess.com INT"]
[Date "2020.03.28"]
[Round "9"]
[White "Neef, Maximilian"]
[Black "Handke, Florian"]
[Result "0-1"]
[WhiteElo "2481"]
[BlackElo "2538"]
[PlyCount "56"]
[EventDate "2020.03.28"]
[EventType "swiss (blitz)"]
[EventRounds "13"]
[EventCountry "GER"]
[SourceTitle "CBM 195 Extra"]
[Source "ChessBase"]
[SourceDate "2020.05.31"]
[SourceVersion "1"]
[SourceVersionDate "2020.05.31"]
[SourceQuality "1"]

1. Nf3 Nf6 2. g3 g6 3. b3 Bg7 4. Bb2 0-0 5. Bg2 d5 6. d4 Ne4 7. 0-0 c5 8. Nbd2 Nc6 9. e3 Bg4 10. h3 Nxd2 11. Qxd2 Bxf3 12. Bxf3 cxd4 13. exd4 e6 14. Rfd1 Rc8 15. Rac1 b5 16. c4 bxc4 17. bxc4 dxc4 18. Rxc4 Ne5 19. Rc3 Nxf3+ 20. Rxf3 Qd5 21. Ra3 Rc7 22. Ra5 Qe4 23. Re1 Qb7 24. Ba3 Rd8 25. d5 Bc3 26. Qh6 Bxe1 27. dxe6 Bxa5 28. exf7+ Rxf7 0-1

[Event "GER-ch Net blitz qual5"]
[Site "Playchess.com INT"]
[Date "2020.03.28"]
[Round "2"]
[White "Neef, Maximilian"]
[Black "Mossakowski, Florian"]
[Result "1-0"]
[WhiteElo "2481"]
[BlackElo "1973"]
[PlyCount "63"]
[EventDate "2020.03.28"]
[EventType "swiss (blitz)"]
[EventRounds "13"]
[EventCountry "GER"]
[SourceTitle "CBM 195 Extra"]
[Source "ChessBase"]
[SourceDate "2020.05.31"]
[SourceVersion "1"]
[SourceVersionDate "2020.05.31"]
[SourceQuality "1"]

1. Nf3 Nf6 2. g3 b6 3. Bg2 Bb7 4. 0-0 e6 5. d4 Be7 6. c4 0-0 7. Bf4 d6 8. Qc2 Be4 9. Qd2 Nbd7 10. Nc3 Bb7 11. Qc2 c5 12. d5 e5 13. Bd2 a6 14. a4 Re8 15. e4 Nf8 16. Ne1 Ng6 17. Nd3 Bf8 18. Rae1 Bc8 19. Qd1 Ra7 20. Kh1 h6 21. f4 exf4 22. gxf4 Rae7 23. Qf3 Nh4 24. Qg3 Nxg2 25. Qxg2 Kh8 26. Rg1 Qd7 27. e5 Nh5 28. Ne4 Qf5 29. Re3 Nxf4 30. Nxf4 Qxf4 31. Nxd6 Rxe5 32. Rxe5 1-0

[Event "GER-ch Net blitz qual5"]
[Site "Playchess.com INT"]
[Date "2020.03.28"]
[Round "3"]
[White "Perestjuk, Marko"]
[Black "Neef, Maximilian"]
[Result "0-1"]
[WhiteElo "2126"]
[BlackElo "2481"]
[PlyCount "98"]
[EventDate "2020.03.28"]
[EventType "swiss (blitz)"]
[EventRounds "13"]
[EventCountry "GER"]
[SourceTitle "CBM 195 Extra"]
[Source "ChessBase"]
[SourceDate "2020.05.31"]
[SourceVersion "1"]
[SourceVersionDate "2020.05.31"]
[SourceQuality "1"]

1. c4 g6 2. g3 Bg7 3. Bg2 c5 4. Nc3 Nc6 5. Nf3 d6 6. d3 e6 7. h4 h6 8. Bd2 Nge7 9. Qc1 b6 10. Rb1 Bb7 11. a3 Qd7 12. 0-0 Rd8 13. b4 Ba8 14. Nb5 Nf5 15. Bf4 e5 16. Bd2 h5 17. Ng5 0-0 18. Nc3 Nfe7 19. Re1 Nd4 20. Bxa8 Rxa8 21. Kg2 f6 22. Nh3 f5 23. f4 Rae8 24. Ng5 Bf6 25. e4 Qc6 26. Nd5 Nxd5 27. exd5 Qd7 28. Be3 exf4 29. Bxf4 Re6 30. dxe6 Qc6+ 31. Kh3 Bxg5 32. hxg5 Qf3 33. Qe3 Qg4+ 34. Kg2 Re8 35. e7 h4 36. Rbd1 h3+ 37. Kh2 Nf3+ 38. Kh1 Nd4 39. Kh2 Nf3+ 40. Kh1 Kh7 41. Qe6 Ne5 42. Rf1 Qe2 43. Rg1 Qf3+ 44. Kh2 Ng4+ 45. Kxh3 Kg7 46. Qf6+ Nxf6 47. gxf6+ Kxf6 48. Bh6 Rh8 49. e8Q Rxh6# 0-1

[Event "Barcelona Sants op 21st"]
[Site "Barcelona"]
[Date "2019.08.30"]
[Round "8"]
[White "Neef, Maximilian"]
[Black "Arjun, Kalyan"]
[Result "1/2-1/2"]
[WhiteElo "2481"]
[BlackElo "2482"]
[PlyCount "21"]
[EventDate "2019.08.23"]
[EventType "swiss"]
[EventRounds "10"]
[EventCountry "ESP"]
[SourceTitle "EXT 2020"]
[Source "ChessBase"]
[SourceDate "2019.10.17"]
[SourceVersion "1"]
[SourceVersionDate "2019.10.17"]
[SourceQuality "1"]

1. Nf3 d5 2. g3 Bg4 3. Bg2 c6 4. 0-0 Nf6 5. h3 Bxf3 6. Bxf3 e5 7. d3 Bc5 8. e4 0-0 9. Nd2 Nbd7 10. exd5 Nxd5 11. Ne4 1/2-1/2